000 00679nas a2200229 4500
001 BR9606807
003 BR-BrBNA
005 20231205095409.0
007 ta
008 230509b bl.|||p| |||| 00| 00por d
040 _aBR-BrBNA
_bpor
_cBiblioteca Nacional de Agricultura
041 _a(Pt)
072 _aF63
100 1 _aNakajima, J.N.
100 1 _aMonteiro, R.
245 1 _aUniformidade polinica em 18 especies brasileiras de Stevia cav. (Eupatorieae, Asteraceae)
650 _aStevia
650 _aPolinizacao
773 0 _tNaturalia (Brazil)
_xISSN 0101-1944
_g(1995), v. 20 p. 9-19
_wBR9606807
909 _a202311
_bLúcia
_c55
_dLúcia Elande
942 _2AGRIS
_n0
_cANA
999 _c150426
_d150426